| 000 | 00731cab a2200217 4500 | ||
|---|---|---|---|
| 001 | ABS43613 | ||
| 008 | 090401t1990 xxu||||| |||| 00| 0 eng d | ||
| 035 | _a(Sirsi) u42560 | ||
| 041 | _aeng | ||
| 100 | _aSwan, R. | ||
| 245 | _aSwimming to new horizons | ||
| 260 | _c1990 | ||
| 350 | _a0 | ||
| 490 |
_aSurveyor _v174 (5120) 8 November 1990, 8-10(3) |
||
| 520 | _aLooks at a fast track design and build contract based on a modified JCT Standard Form of Building Contract 1981 run on a project management basis for building a swimming pool commissioned by Mansfield DC . | ||
| 650 | _aFORM OF CONTRACT | ||
| 650 | _aPROTOTYPE | ||
| 690 | _aBUILT ENVIRONMENT-BUILDING CONTRACT FORMS | ||
| 942 | _n0 | ||
| 948 | _c04/03/1997 | ||
| 999 |
_c27243 _d27243 |
||